LAB MANUAL FOR B. PHARMACY STUDENTS (Record no. 34156)

MARC details
000 -LEADER
fixed length control field 00319nam a22001457a 4500
003 - CONTROL NUMBER IDENTIFIER
control field SGT
020 ## - INTERNATIONAL STANDARD BOOK NUMBER
International Standard Book Number 9789391208233
082 ## - DEWEY DECIMAL CLASSIFICATION NUMBER
Classification number 615.1
Item number SAX
100 ## - MAIN ENTRY--PERSONAL NAME
Personal name SAXENA MS CHARU
245 ## - TITLE STATEMENT
Title LAB MANUAL FOR B. PHARMACY STUDENTS
260 ## - PUBLICATION, DISTRIBUTION, ETC. (IMPRINT)
Place of publication, distribution, etc INDIA
Name of publisher, distributor, etc IP
Year of Publication 2022
300 ## - PAGE DESCRIPTION
No. of Pages 119
650 ## - SUBJECT ADDED ENTRY--TOPICAL TERM
Topical term or geographic name as entry element PHARMACY
942 ## - ADDED ENTRY ELEMENTS (KOHA)
Source of classification or shelving scheme Dewey Decimal Classification
Koha item type Books
Holdings
Withdrawn status Lost status Source of classification or shelving scheme Damaged status Not for loan Collection code Home library Current library Shelving location Date acquired Vendor Name Cost, normal purchase price SGTU Bill Number Total Checkouts Full call number Accession No. (Barcode) Date last seen Bill Date Koha item type
    Dewey Decimal Classification     SCIENCE SGT Science & Social Sciences Library SGT Science & Social Sciences Library Text Book 21/02/2026 INNOVATIVE PUBLICATION 250.00 SGTU IPI/2025/SU/INS338/2   615.1 SAX DP1727 21/02/2026 10/02/2026 Books
    Dewey Decimal Classification     SCIENCE SGT Science & Social Sciences Library SGT Science & Social Sciences Library Text Book 21/02/2026 INNOVATIVE PUBLICATION 250.00 SGTU IPI/2025/SU/INS338/2   615.1 SAX DP1728 21/02/2026 10/02/2026 Books